[Event "Oberliga Ost B 2016 2017"]
[Site "Germany"]
[Date "2016.11.19"]
[Round "2.6"]
[White "Perlitz, Sven"]
[Black "Aslan, Benjamin"]
[Result "0-1"]
[WhiteElo "2065"]
[BlackElo "2170"]
[PlyCount "76"]
[EventDate "2016.10.16"]
[EventType "team-tourn"]
[EventCountry "GER"]
[WhiteTeam "Frankfurt SC Koenig Nied"]
[BlackTeam "Kasseler SK"]
[WhiteTeamCountry "GER"]
[BlackTeamCountry "GER"]

1. e4 e6 2. d4 d5 3. Nd2 Nf6 4. e5 Nfd7 5. Bd3 c5 6. c3 Nc6 7. Ne2 cxd4 8. cxd4
f6 9. Nf4 Nxd4 10. Qh5+ Ke7 11. exf6+ Nxf6 12. Ng6+ hxg6 13. Qxh8 Kf7 14. Qh4
e5 15. Nf3 Nxf3+ 16. gxf3 Bf5 17. Bxf5 gxf5 18. Bg5 Bd6 19. Bxf6 Qxf6 20. Qa4
Be7 21. Qd7 Qe6 22. Qxb7 Rc8 23. Rd1 e4 24. O-O Rd8 25. fxe4 fxe4 26. Qc7 Rd6
27. Kh1 Qf6 28. Qc3 d4 29. Qb3+ Kf8 30. Rc1 d3 31. Qd1 Qf5 32. Rg1 Bg5 33. Rxg5
Qxg5 34. Rc8+ Kf7 35. Qa4 Qe7 36. Qc4+ Kg6 37. Rc7 d2 38. Rxe7 d1=Q+ 0-1

[Event "Oberliga Ost B 2016 2017"]
[Site "Germany"]
[Date "2016.11.19"]
[Round "2.7"]
[White "Hoepfner, Tim"]
[Black "Rosa, Mike"]
[Result "1/2-1/2"]
[WhiteElo "1967"]
[BlackElo "2074"]
[PlyCount "63"]
[EventDate "2016.10.16"]
[EventType "team-tourn"]
[EventCountry "GER"]
[WhiteTeam "Kasseler SK"]
[BlackTeam "Frankfurt SC Koenig Nied"]
[WhiteTeamCountry "GER"]
[BlackTeamCountry "GER"]

1. d4 Nf6 2. c4 e6 3. g3 d5 4. Nf3 Be7 5. Bg2 O-O 6. O-O dxc4 7. Qa4 a6 8. Qxc4
b5 9. Qc2 Bb7 10. Bg5 Nbd7 11. Bxf6 Nxf6 12. Nbd2 Rc8 13. Nb3 Be4 14. Qc3 Qd5
15. Rac1 b4 16. Qc4 Qxc4 17. Rxc4 Bd5 18. Rc2 Be4 19. Rcc1 Nd7 20. Rfd1 c5 21.
Ne5 Nxe5 22. Bxe4 cxd4 23. Nxd4 a5 24. Kf1 Bf6 25. e3 Nc4 26. Rc2 Rfd8 27. Ke2
Nd6 28. Rxc8 Rxc8 29. Bb1 Nb7 30. Be4 Nd6 31. Bb1 Nb7 32. Be4 1/2-1/2

[Event "Oberliga Ost B 2016 2017"]
[Site "Germany"]
[Date "2016.11.19"]
[Round "2.8"]
[White "Machowitsch, Wolf"]
[Black "Schnegelberger, Leon"]
[Result "1/2-1/2"]
[WhiteElo "1976"]
[BlackElo "1860"]
[PlyCount "21"]
[EventDate "2016.10.16"]
[EventType "team-tourn"]
[EventCountry "GER"]
[WhiteTeam "Frankfurt SC Koenig Nied"]
[BlackTeam "Kasseler SK"]
[WhiteTeamCountry "GER"]
[BlackTeamCountry "GER"]

1. d4 Nf6 2. c4 e6 3. Nf3 b6 4. Bg5 Be7 5. e3 Ne4 6. Bxe7 Qxe7 7. Nbd2 Bb7 8.
Bd3 f5 9. Qc2 Nxd2 10. Qxd2 d6 11. O-O-O 1/2-1/2

[Event "Oberliga Ost B 2016 2017"]
[Site "Germany"]
[Date "2016.11.19"]
[Round "2.1"]
[White "Strache, Michael"]
[Black "Keller, Peter"]
[Result "0-1"]
[WhiteElo "2310"]
[BlackElo "2285"]
[PlyCount "74"]
[EventDate "2016.10.16"]
[EventType "team-tourn"]
[EventCountry "GER"]
[WhiteTeam "Sangerhausen SV"]
[BlackTeam "Frankfurter TV"]
[WhiteTeamCountry "GER"]
[BlackTeamCountry "GER"]

1. e4 e5 2. Nf3 Nc6 3. Bb5 Nf6 4. O-O Nxe4 5. d4 Nd6 6. Bxc6 dxc6 7. dxe5 Nf5
8. Qxd8+ Kxd8 9. Nc3 Bd7 10. h3 b6 11. Bf4 h6 12. Rad1 Kc8 13. a3 Be7 14. g4
Nh4 15. Nxh4 Bxh4 16. Kg2 Be7 17. Ne2 c5 18. Nc3 Bc6+ 19. f3 c4 20. Nd5 Bc5 21.
Rfe1 Rd8 22. Ne3 Rxd1 23. Nxd1 Kb7 24. Ne3 c3 25. b4 Bf8 26. Rb1 Rd8 27. Rd1
Rd2+ 28. Rxd2 cxd2 29. Nd1 Ba4 30. Bxd2 Bxc2 31. Ne3 Bb3 32. Nf5 Ka6 33. Nd4
Bd5 34. Kf2 c5 35. Nc2 Bb3 36. Na1 Ba4 37. Ke3 Kb5 0-1

[Event "Oberliga Ost B 2016 2017"]
[Site "Germany"]
[Date "2016.11.19"]
[Round "2.2"]
[White "Brueggemann, Ludger"]
[Black "Heyder, Florian"]
[Result "1/2-1/2"]
[WhiteElo "2190"]
[BlackElo "2161"]
[PlyCount "52"]
[EventDate "2016.10.16"]
[EventType "team-tourn"]
[EventCountry "GER"]
[WhiteTeam "Frankfurter TV"]
[BlackTeam "Sangerhausen SV"]
[WhiteTeamCountry "GER"]
[BlackTeamCountry "GER"]

1. e4 c5 2. f4 e6 3. Nf3 d6 4. Bb5+ Nd7 5. Nc3 a6 6. Bxd7+ Bxd7 7. O-O Ne7 8.
d3 g6 9. d4 Bg7 10. dxc5 dxc5 11. Qd6 Rc8 12. Rd1 Bxc3 13. bxc3 Bc6 14. Qxd8+
Rxd8 15. Rxd8+ Kxd8 16. Ne5 Be8 17. Be3 b6 18. f5 f6 19. Ng4 gxf5 20. Nxf6 fxe4
21. Nxe4 Nf5 22. Rd1+ Kc8 23. Nd6+ Nxd6 24. Rxd6 Kb7 25. Rd8 Kc7 26. Ra8 Kb7
1/2-1/2

[Event "Oberliga Ost B 2016 2017"]
[Site "Germany"]
[Date "2016.11.19"]
[Round "2.3"]
[White "Guenther, Christian"]
[Black "Rutkowski, Ingo"]
[Result "1-0"]
[WhiteElo "2161"]
[BlackElo "2168"]
[PlyCount "67"]
[EventDate "2016.10.16"]
[EventType "team-tourn"]
[EventCountry "GER"]
[WhiteTeam "Sangerhausen SV"]
[BlackTeam "Frankfurter TV"]
[WhiteTeamCountry "GER"]
[BlackTeamCountry "GER"]

1. d4 d5 2. c4 e6 3. Nc3 c5 4. cxd5 exd5 5. Nf3 Nc6 6. e3 Nf6 7. Be2 Bd6 8.
dxc5 Bxc5 9. O-O O-O 10. Qc2 Qe7 11. Rd1 Rd8 12. Nd4 Ne5 13. Nf5 Qe6 14. Nd4
Qe7 15. Na4 Bd6 16. Nf5 Bxf5 17. Qxf5 g6 18. Qg5 h6 19. Qxh6 Neg4 20. Qh4 Bxh2+
21. Kf1 Be5 22. f4 Qb4 23. Nc3 Kg7 24. Qg3 Rh8 25. Kg1 Bxc3 26. bxc3 Ne4 27.
cxb4 Nxg3 28. Bxg4 Rh1+ 29. Kf2 Ne4+ 30. Kf3 Rxd1 31. Bb2+ Kf8 32. Rxd1 f5 33.
Rxd5 Rc8 34. Bxf5 1-0

[Event "Oberliga Ost B 2016 2017"]
[Site "Germany"]
[Date "2016.11.19"]
[Round "2.4"]
[White "Neininger, Ralph"]
[Black "Richter, Dustin"]
[Result "0-1"]
[WhiteElo "2125"]
[BlackElo "2130"]
[PlyCount "108"]
[EventDate "2016.10.16"]
[EventType "team-tourn"]
[EventCountry "GER"]
[WhiteTeam "Frankfurter TV"]
[BlackTeam "Sangerhausen SV"]
[WhiteTeamCountry "GER"]
[BlackTeamCountry "GER"]

1. Nf3 Nf6 2. c4 g6 3. Nc3 Bg7 4. e4 d6 5. d4 O-O 6. h3 e5 7. d5 Nbd7 8. g4 Nc5
9. Bd3 a5 10. Bc2 Bd7 11. Be3 Qe7 12. Qe2 Rfb8 13. Nd2 Qe8 14. Nb5 Na6 15. O-O
Qe7 16. a3 Ne8 17. Rfb1 Qf8 18. Nc3 Bh6 19. g5 Bg7 20. h4 f6 21. Kh2 h6 22.
gxh6 Bxh6 23. Rg1 Kf7 24. h5 g5 25. Nf1 Ng7 26. Ng3 Ke7 27. Rab1 Qf7 28. Kg2
Rh8 29. f3 Nxh5 30. Nxh5 Qxh5 31. Rh1 Qg6 32. Kf2 Bg7 33. Ba4 Bxa4 34. Nxa4
Rxh1 35. Rxh1 b6 36. Ke1 Nc5 37. Nc3 Kd7 38. Kd1 Bf8 39. Rh8 Re8 40. Qh2 g4 41.
Qh7+ Qxh7 42. Rxh7+ Be7 43. Bxc5 bxc5 44. fxg4 Rg8 45. Nb5 Rxg4 46. Na7 Ke8 47.
Nc6 Bf8 48. Nxa5 Rxe4 49. Kd2 f5 50. Kd3 Rg4 51. Nb3 e4+ 52. Kc2 Rg2+ 53. Kc1
e3 54. Rh1 Bg7 0-1

[Event "Oberliga Ost B 2016 2017"]
[Site "Germany"]
[Date "2016.11.19"]
[Round "2.5"]
[White "Engelmann, Jakob"]
[Black "Diyap, Murat"]
[Result "1-0"]
[WhiteElo "2256"]
[BlackElo "2084"]
[PlyCount "161"]
[EventDate "2016.10.16"]
[EventType "team-tourn"]
[EventCountry "GER"]
[WhiteTeam "Sangerhausen SV"]
[BlackTeam "Frankfurter TV"]
[WhiteTeamCountry "GER"]
[BlackTeamCountry "GER"]

1. c4 Nf6 2. g3 g6 3. Bg2 Bg7 4. Nc3 O-O 5. e3 c6 6. Nge2 d5 7. cxd5 Nxd5 8. d4
Na6 9. Nxd5 cxd5 10. Qb3 e6 11. O-O b6 12. Bd2 Bb7 13. a4 Qd6 14. Nc3 Rfc8 15.
Rfc1 Bf8 16. Bf1 Qb4 17. Qd1 Qe7 18. a5 Nb4 19. axb6 axb6 20. Na4 Rxc1 21. Rxc1
Qd8 22. Qb3 Bc6 23. Ra1 b5 24. Bxb5 Bxb5 25. Bxb4 Qe8 26. Bxf8 Rxa4 27. Rxa4
Bxa4 28. Qb4 Qb5 29. Qa3 Qb3 30. Bh6 Qxa3 31. bxa3 Bb5 32. g4 f5 33. g5 Kf7 34.
Kg2 f4 35. Kf3 fxe3 36. fxe3 Ke7 37. Kf4 Ba4 38. Bg7 Bc2 39. Be5 Kd7 40. Bb8
Ke7 41. Ke5 Bd1 42. Bd6+ Kf7 43. Bb4 Bc2 44. Kd6 Bd1 45. Be1 Bc2 46. Bg3 Bd1
47. Kc5 Ke7 48. Kb4 Kd7 49. a4 Kc6 50. Be5 Be2 51. Bg7 Bf1 52. Bf8 Be2 53. Be7
Bf1 54. Kc3 Kb6 55. Bb4 Bc4 56. Kc2 Ba2 57. Bd2 Bc4 58. Bc3 Ka6 59. Kd2 Bb3 60.
a5 Bc4 61. Ke1 Kb5 62. Kf2 Ka4 63. Kf3 Kb3 64. Be1 Kc2 65. Kf4 Kd3 66. Bb4 Ke2
67. Bc5 Kf2 68. Bd6 Ke2 69. Bc5 Kf2 70. Ke5 Kxe3 71. Kxe6 Ke4 72. Kf6 Kf4 73.
Bd6+ Kg4 74. Be7 Bd3 75. Ke5 Bc4 76. Kd6 Kf5 77. Kc6 Ke6 78. Bd8 Bd3 79. Kb6
Kd7 80. Bf6 Kc8 81. Be5 1-0

[Event "Oberliga Ost B 2016 2017"]
[Site "Germany"]
[Date "2016.11.19"]
[Round "2.6"]
[White "Du Maire, Jerome"]
[Black "Hellwig, Tobias"]
[Result "1-0"]
[WhiteElo "2169"]
[BlackElo "2182"]
[PlyCount "109"]
[EventDate "2016.10.16"]
[EventType "team-tourn"]
[EventCountry "GER"]
[WhiteTeam "Frankfurter TV"]
[BlackTeam "Sangerhausen SV"]
[WhiteTeamCountry "GER"]
[BlackTeamCountry "GER"]

1. d4 d5 2. c4 c6 3. Nf3 Nf6 4. e3 g6 5. Nc3 Bg7 6. Be2 O-O 7. O-O Qd6 8. b3
Nbd7 9. Bb2 e5 10. cxd5 Nxd5 11. Nxd5 cxd5 12. dxe5 Nxe5 13. Qd2 Be6 14. Rfd1
Rfd8 15. Nxe5 Bxe5 16. Bxe5 Qxe5 17. Qd4 Qxd4 18. Rxd4 Rac8 19. Rd2 Rc5 20. Kf1
Rdc8 21. Bf3 Kg7 22. Rad1 Rc2 23. Ke2 Kf6 24. Rxc2 Rxc2+ 25. Rd2 Rc5 26. Kd1
Ke5 27. Be2 Bd7 28. f4+ Ke4 29. Rd3 Bg4 30. Kd2 Bxe2 31. Rd4+ Kf5 32. Kxe2 Rc2+
33. Kf3 Rxa2 34. Rxd5+ Ke6 35. Rb5 b6 36. Re5+ Kd6 37. b4 Rc2 38. Re8 Rc7 39.
g4 Kd5 40. f5 gxf5 41. gxf5 Kc4 42. Re4+ Kb5 43. Rd4 a5 44. bxa5 bxa5 45. e4 a4
46. e5 a3 47. Kf4 Ra7 48. Rd1 Ra6 49. e6 fxe6 50. f6 a2 51. Ra1 Ra4+ 52. Ke5
Ra3 53. f7 Rf3 54. Kxe6 Rf2 55. Rxa2 1-0

[Event "Oberliga Ost B 2016 2017"]
[Site "Germany"]
[Date "2016.11.19"]
[Round "2.7"]
[White "Hillmann, Michael"]
[Black "Krzesinski, Paul"]
[Result "1-0"]
[WhiteElo "2162"]
[BlackElo "2046"]
[PlyCount "105"]
[EventDate "2016.10.16"]
[EventType "team-tourn"]
[EventCountry "GER"]
[WhiteTeam "Sangerhausen SV"]
[BlackTeam "Frankfurter TV"]
[WhiteTeamCountry "GER"]
[BlackTeamCountry "GER"]

1. d4 d5 2. Nf3 Nf6 3. c4 c6 4. Qc2 e6 5. g3 Bd6 6. Bg2 O-O 7. O-O Nbd7 8. Rd1
b6 9. Bf4 Bxf4 10. gxf4 Bb7 11. Ne5 Nxe5 12. fxe5 Ng4 13. h3 Nh6 14. Nd2 Nf5
15. Nf3 Nh4 16. Nxh4 Qxh4 17. cxd5 cxd5 18. e3 f6 19. f4 g5 20. Rf1 fxe5 21.
fxe5 Ba6 22. Rxf8+ Rxf8 23. Qc6 Qf2+ 24. Kh1 Qf7 25. Qc2 Rc8 26. Qd2 h5 27. e4
Qg6 28. Rg1 g4 29. Bf3 Kh7 30. hxg4 dxe4 31. gxh5 Qf5 32. Bg4 Qf7 33. Qe3 Bd3
34. Bd1 Qf5 35. Rg6 Qf8 36. Rf6 Qg7 37. Rg6 Qf8 38. Rf6 Qg7 39. h6 Qg8 40. Qf4
Rc7 41. Bh5 e3 42. Qxe3 Bf5 43. d5 Kh8 44. Rxf5 exf5 45. e6 Kh7 46. Qf4 Rc5 47.
Bf7 Rc1+ 48. Qxc1 Qg3 49. Bg8+ Qxg8 50. Qg1 Qf8 51. Qg7+ Qxg7 52. hxg7 Kxg7 53.
d6 1-0

[Event "Oberliga Ost B 2016 2017"]
[Site "Germany"]
[Date "2016.11.19"]
[Round "2.8"]
[White "Schmidt, Max"]
[Black "Duchrow, Oliver"]
[Result "1-0"]
[WhiteElo "1879"]
[BlackElo "2069"]
[PlyCount "107"]
[EventDate "2016.10.16"]
[EventType "team-tourn"]
[EventCountry "GER"]
[WhiteTeam "Frankfurter TV"]
[BlackTeam "Sangerhausen SV"]
[WhiteTeamCountry "GER"]
[BlackTeamCountry "GER"]

1. e4 e5 2. Nf3 d6 3. d4 exd4 4. Nxd4 Nf6 5. Nc3 Be7 6. Be2 O-O 7. Bf4 c6 8.
Qd2 b5 9. a3 a6 10. Rd1 a5 11. Bf3 Re8 12. O-O Ng4 13. e5 dxe5 14. Nxc6 Nxc6
15. Bxc6 Ba6 16. Qe2 Qc8 17. Bxe8 Qxe8 18. Qxg4 exf4 19. Nd5 Bd8 20. Rfe1 Qf8
21. Qxf4 Rc8 22. c3 Bb7 23. Qe5 Bxd5 24. Qxd5 b4 25. axb4 axb4 26. cxb4 Bf6 27.
Qd6 Rb8 28. Re4 Bxb2 29. Qxf8+ Kxf8 30. Rb1 Bc3 31. b5 Rb7 32. Kf1 f5 33. Rc4
Ba5 34. Rc5 g6 35. Re5 Bc7 36. Re2 Kf7 37. h3 Ba5 38. Re5 Kf6 39. Re8 Kf7 40.
Rh8 Ke6 41. Rc8 Bc7 42. Ke2 Kd5 43. Kd3 Bb6 44. Rb2 Ba7 45. f3 Bb6 46. Rb3 Ba5
47. f4 h5 48. g3 Bc7 49. Rg8 Rb6 50. Rc3 Bd6 51. Rxg6 Rxb5 52. Rf6 Rb1 53.
Rxf5+ Ke6 54. Rxh5 1-0

[Event "Oberliga Ost B 2016 2017"]
[Site "Germany"]
[Date "2016.11.19"]
[Round "2.1"]
[White "Kunin, Vitaly"]
[Black "Lubbe, Nikolas"]
[Result "1/2-1/2"]
[WhiteElo "2595"]
[BlackElo "2500"]
[PlyCount "101"]
[EventDate "2016.10.16"]
[EventType "team-tourn"]
[EventCountry "GER"]
[WhiteTeam "Moerlenbach Birkenau Freibauer"]
[BlackTeam "Neuberg SF"]
[WhiteTeamCountry "GER"]
[BlackTeamCountry "GER"]

1. Nf3 Nf6 2. c4 e6 3. g3 d5 4. Bg2 Be7 5. O-O O-O 6. b3 d4 7. e3 c5 8. exd4
cxd4 9. Re1 Nc6 10. d3 Re8 11. Na3 Bb4 12. Re2 e5 13. Bb2 Bg4 14. h3 Bh5 15. g4
Bg6 16. Nh4 Bxa3 17. Bxa3 Ne4 18. Bxe4 Qxh4 19. Qf1 Bxe4 20. Rxe4 Re6 21. Bc1
Rg6 22. Kh2 Rf8 23. Bd2 Qe7 24. Qe2 f5 25. gxf5 Rxf5 26. Rg1 Rgf6 27. Rg2 Qd6
28. Kg1 a5 29. Reg4 Rf7 30. Rg5 Qd7 31. Rxf5 Qxf5 32. Rg3 b6 33. a3 Qe6 34. b4
axb4 35. axb4 Ne7 36. Rg4 Ng6 37. Rxd4 Qxh3 38. Qg4 Qxg4+ 39. Rxg4 Rd7 40. Be3
Rd6 41. d4 b5 42. c5 Ra6 43. d5 Ne7 44. d6 Nc6 45. f4 exf4 46. Rxf4 Ra7 47. Kg2
h6 48. Re4 Kf7 49. Kf3 Ra8 50. Bd2 Ra3+ 51. Ke2 1/2-1/2

[Event "Oberliga Ost B 2016 2017"]
[Site "Germany"]
[Date "2016.11.19"]
[Round "2.2"]
[White "Lubbe, Melanie"]
[Black "Galdunts, Sergey"]
[Result "0-1"]
[WhiteElo "2261"]
[BlackElo "2415"]
[PlyCount "68"]
[EventDate "2016.10.16"]
[EventType "team-tourn"]
[EventCountry "GER"]
[WhiteTeam "Neuberg SF"]
[BlackTeam "Moerlenbach Birkenau Freibauer"]
[WhiteTeamCountry "GER"]
[BlackTeamCountry "GER"]

1. e4 d6 2. d4 Nf6 3. Nc3 g6 4. Be3 a6 5. f3 Nbd7 6. Qd2 b5 7. g4 Nb6 8. g5 Nh5
9. b3 Bg7 10. Nge2 d5 11. Nxd5 Nxd5 12. exd5 Qxd5 13. Nc3 Qd8 14. Ne4 Bb7 15.
Bg2 Bxe4 16. fxe4 e5 17. dxe5 Bxe5 18. O-O-O Qe7 19. Kb1 O-O 20. Qd7 Qa3 21.
Bc1 Qc5 22. Rd5 Qc3 23. Rxe5 Qxe5 24. Bf3 Nf4 25. Qg4 Ne6 26. h4 c5 27. h5 Ra7
28. Be2 Re8 29. Bd3 Rc7 30. Rg1 c4 31. Be2 Nd4 32. Bf4 Qxe4 33. Bxc7 Qxc2+ 34.
Ka1 cxb3 0-1

[Event "Oberliga Ost B 2016 2017"]
[Site "Germany"]
[Date "2016.11.19"]
[Round "2.3"]
[White "Legde, Georg"]
[Black "Kuenstler, Christian"]
[Result "1/2-1/2"]
[WhiteElo "2309"]
[BlackElo "2259"]
[PlyCount "89"]
[EventDate "2016.10.16"]
[EventType "team-tourn"]
[EventCountry "GER"]
[WhiteTeam "Moerlenbach Birkenau Freibauer"]
[BlackTeam "Neuberg SF"]
[WhiteTeamCountry "GER"]
[BlackTeamCountry "GER"]

1. d4 g6 2. Nf3 Bg7 3. c4 c5 4. d5 d6 5. Nc3 Nf6 6. e4 O-O 7. h3 e6 8. Bd3 exd5
9. cxd5 b5 10. Nxb5 Re8 11. O-O Nxe4 12. Re1 a6 13. Nc3 Nxc3 14. bxc3 Rxe1+ 15.
Qxe1 Nd7 16. Bg5 f6 17. Bh4 Qf8 18. Rb1 Ne5 19. Nxe5 fxe5 20. Rb6 Bf6 21. Bxf6
Qxf6 22. Qb1 Kg7 23. Rb7+ Kg8 24. Rb8 Rxb8 25. Qxb8 Qf8 26. Qc7 Bf5 27. Bxf5
gxf5 28. Qb6 Qh6 29. Qxa6 Qc1+ 30. Qf1 Qxc3 31. Qb1 e4 32. Qb8+ Kg7 33. Qc7+
Kg8 34. Qc8+ Kg7 35. Qxf5 Qa1+ 36. Kh2 Qxa2 37. Kg3 Qb3+ 38. Kf4 c4 39. Qd7+
Kg8 40. Kf5 Qb2 41. Qe8+ Kg7 42. Qe7+ Kg8 43. Qg5+ Kf7 44. Qh5+ Kg7 45. Qg5+
1/2-1/2

[Event "Oberliga Ost B 2016 2017"]
[Site "Germany"]
[Date "2016.11.19"]
[Round "2.4"]
[White "Wahedi, Ahmad Siar"]
[Black "Dittmar, Peter"]
[Result "1-0"]
[WhiteElo "2294"]
[BlackElo "2266"]
[PlyCount "67"]
[EventDate "2016.10.16"]
[EventType "team-tourn"]
[EventCountry "GER"]
[WhiteTeam "Neuberg SF"]
[BlackTeam "Moerlenbach Birkenau Freibauer"]
[WhiteTeamCountry "GER"]
[BlackTeamCountry "GER"]

1. d4 d5 2. c4 dxc4 3. e3 Be6 4. Nf3 c6 5. Nc3 Nf6 6. Ne5 g6 7. Nxc4 Bg7 8. Be2
O-O 9. O-O Nbd7 10. f4 Bxc4 11. Bxc4 c5 12. d5 Nb6 13. Qb3 Ne8 14. Rd1 Nd6 15.
Be2 Qc7 16. Bf3 a6 17. e4 Bd4+ 18. Kh1 c4 19. Qc2 Bc5 20. a4 Nd7 21. g4 e5 22.
dxe6 fxe6 23. e5 Nf7 24. Bg2 Ndxe5 25. fxe5 Nxe5 26. Qe4 Nd3 27. Rxd3 cxd3 28.
Qxe6+ Kg7 29. Bg5 Bd4 30. Rd1 Rae8 31. Qb3 Qe5 32. Qxb7+ Rf7 33. Bh6+ Kg8 34.
Bd5 1-0

[Event "Oberliga Ost B 2016 2017"]
[Site "Germany"]
[Date "2016.11.19"]
[Round "2.5"]
[White "Felgendreher, Heiko"]
[Black "Overbeck, Thorsten"]
[Result "1-0"]
[WhiteElo "2222"]
[BlackElo "2311"]
[PlyCount "71"]
[EventDate "2016.10.16"]
[EventType "team-tourn"]
[EventCountry "GER"]
[WhiteTeam "Moerlenbach Birkenau Freibauer"]
[BlackTeam "Neuberg SF"]
[WhiteTeamCountry "GER"]
[BlackTeamCountry "GER"]

1. e4 c5 2. Nf3 d6 3. d4 cxd4 4. Nxd4 Nf6 5. Nc3 a6 6. Be3 e5 7. Nb3 Be6 8. f3
h5 9. Nd5 Bxd5 10. exd5 Nbd7 11. Qd2 Qc7 12. O-O-O Nb6 13. Qa5 Rc8 14. c3 Nc4
15. Qxc7 Rxc7 16. Bxc4 Rxc4 17. Na5 Rc7 18. c4 g6 19. Kb1 Bh6 20. Bb6 Rd7 21.
c5 dxc5 22. d6 O-O 23. Nc4 Re8 24. Bc7 b5 25. Nb6 Be3 26. Rhe1 Bd4 27. b4 Re6
28. bxc5 Bxc5 29. Nxd7 Nxd7 30. Rd5 f5 31. Rc1 Bb4 32. Kb2 e4 33. a3 exf3 34.
axb4 Re2+ 35. Kc3 fxg2 36. Rd2 1-0

[Event "Oberliga Ost B 2016 2017"]
[Site "Germany"]
[Date "2016.11.19"]
[Round "2.6"]
[White "Seifert, Christopher"]
[Black "Schaefer, Michael"]
[Result "0-1"]
[WhiteElo "2294"]
[BlackElo "2166"]
[PlyCount "72"]
[EventDate "2016.10.16"]
[EventType "team-tourn"]
[EventCountry "GER"]
[WhiteTeam "Neuberg SF"]
[BlackTeam "Moerlenbach Birkenau Freibauer"]
[WhiteTeamCountry "GER"]
[BlackTeamCountry "GER"]

1. c4 e6 2. g3 d5 3. Bg2 Nf6 4. Qc2 c5 5. Nf3 Nc6 6. O-O Be7 7. Rd1 d4 8. d3
O-O 9. Nbd2 h6 10. a3 a5 11. Nf1 e5 12. e4 Ne8 13. Rb1 Nd6 14. Qe2 b5 15. cxb5
Nxb5 16. Bd2 Be6 17. Be1 a4 18. N3d2 Nd6 19. Rdc1 Qb6 20. Rc2 Na5 21. Rbc1 Rfc8
22. f4 f6 23. Nf3 Nb3 24. Rd1 c4 25. fxe5 cxd3 26. Rxc8+ Rxc8 27. Qxd3 Nc4 28.
Rb1 Nxe5 29. Nxe5 fxe5 30. Bf3 Bc4 31. Qd1 Qa6 32. Nd2 Bd3 33. Nxb3 Bxb1 34.
Nxd4 exd4 35. Qxb1 d3 36. Bc3 Qb6+ 0-1

[Event "Oberliga Ost B 2016 2017"]
[Site "Germany"]
[Date "2016.11.19"]
[Round "2.7"]
[White "Wohlfart, Paulus"]
[Black "Lutz, Klaus Juergen"]
[Result "1/2-1/2"]
[WhiteElo "2111"]
[BlackElo "2277"]
[PlyCount "29"]
[EventDate "2016.10.16"]
[EventType "team-tourn"]
[EventCountry "GER"]
[WhiteTeam "Moerlenbach Birkenau Freibauer"]
[BlackTeam "Neuberg SF"]
[WhiteTeamCountry "GER"]
[BlackTeamCountry "GER"]

1. d4 d6 2. Nf3 Bg4 3. c4 Nd7 4. Nc3 Bxf3 5. exf3 e5 6. dxe5 dxe5 7. Be2 Ngf6
8. O-O Bc5 9. Qb3 Qc8 10. Re1 O-O 11. Bf1 Bd4 12. Be3 c6 13. Rad1 Bxe3 14. Rxe3
Qc7 15. Qa3 1/2-1/2

[Event "Oberliga Ost B 2016 2017"]
[Site "Germany"]
[Date "2016.11.19"]
[Round "2.8"]
[White "Schaffer, Hendrik"]
[Black "Schiffer, Steve"]
[Result "1-0"]
[WhiteElo "2267"]
[BlackElo "2090"]
[PlyCount "79"]
[EventDate "2016.10.16"]
[EventType "team-tourn"]
[EventCountry "GER"]
[WhiteTeam "Neuberg SF"]
[BlackTeam "Moerlenbach Birkenau Freibauer"]
[WhiteTeamCountry "GER"]
[BlackTeamCountry "GER"]

1. d4 Nf6 2. c4 d6 3. Nf3 g6 4. Nc3 Bg7 5. e4 O-O 6. Be2 c5 7. d5 e6 8. O-O
exd5 9. exd5 Re8 10. h3 Bf5 11. Nh4 Bd7 12. Bd3 Na6 13. Nf3 Nc7 14. Bf4 Bc8 15.
a4 b6 16. Qd2 a6 17. Rfe1 Bb7 18. Rxe8+ Nfxe8 19. Re1 b5 20. b3 bxc4 21. bxc4
Nf6 22. Ne4 Nxe4 23. Rxe4 Qd7 24. Qa5 Bf8 25. Re1 Re8 26. Rb1 Na8 27. Ng5 Bc8
28. Rb8 Qa7 29. Rb1 f5 30. Qc3 h6 31. Nf3 g5 32. Bd2 Bg7 33. Qc2 g4 34. Nh4
gxh3 35. g3 Qf7 36. Nxf5 Bxf5 37. Bxf5 Qh5 38. Be3 Be5 39. Bxh3 Bxg3 40. Rb7
1-0

[Event "Oberliga Ost B 2016 2017"]
[Site "Germany"]
[Date "2016.11.20"]
[Round "3.1"]
[White "Teske, Henrik"]
[Black "Dubiel, Jacek"]
[Result "1/2-1/2"]
[WhiteElo "2487"]
[BlackElo "2423"]
[PlyCount "37"]
[EventDate "2016.10.16"]
[EventType "team-tourn"]
[EventCountry "GER"]
[WhiteTeam "Erfurt SV Empor"]
[BlackTeam "Oberursel SV"]
[WhiteTeamCountry "GER"]
[BlackTeamCountry "GER"]

1. d4 Nf6 2. c4 e6 3. g3 Bb4+ 4. Bd2 Qe7 5. Bg2 Nc6 6. Nf3 Bxd2+ 7. Nbxd2 d6 8.
O-O a5 9. Rc1 e5 10. d5 Nb8 11. c5 O-O 12. Nc4 Nbd7 13. c6 Nc5 14. Nxa5 Rxa5
15. b4 Rxa2 16. bxc5 dxc5 17. Qb3 Ra7 18. cxb7 Bxb7 19. e4 1/2-1/2

[Event "Oberliga Ost B 2016 2017"]
[Site "Germany"]
[Date "2016.11.20"]
[Round "3.2"]
[White "Margolin, Boris"]
[Black "Friedrich, Wiede"]
[Result "1/2-1/2"]
[WhiteElo "2391"]
[BlackElo "2302"]
[PlyCount "72"]
[EventDate "2016.10.16"]
[EventType "team-tourn"]
[EventCountry "GER"]
[WhiteTeam "Oberursel SV"]
[BlackTeam "Erfurt SV Empor"]
[WhiteTeamCountry "GER"]
[BlackTeamCountry "GER"]

1. e4 c5 2. Nf3 d6 3. c3 Nf6 4. Be2 g6 5. O-O Bg7 6. Bb5+ Nc6 7. Re1 O-O 8. h3
Bd7 9. d4 Nxd4 10. Nxd4 cxd4 11. Bxd7 Nxd7 12. cxd4 Qb6 13. Be3 Qxb2 14. Nd2
Qa3 15. Rb1 Nb6 16. Qb3 Qxb3 17. Rxb3 Rfc8 18. a4 Rc7 19. Reb1 Nxa4 20. Rxb7
Rxb7 21. Rxb7 Nc3 22. Nb3 e6 23. f3 a5 24. Nxa5 Nd1 25. Bd2 Bxd4+ 26. Kh2 Be5+
27. Kg1 Bd4+ 28. Kh2 Be5+ 29. Kg1 Bc3 30. Bxc3 Nxc3 31. Nc4 Rd8 32. Kf2 Na4 33.
Rb4 Nc5 34. Rb5 Kf8 35. Ke3 Rd7 36. Nxd6 Rxd6 1/2-1/2

[Event "Oberliga Ost B 2016 2017"]
[Site "Germany"]
[Date "2016.11.20"]
[Round "3.3"]
[White "Michalowski, Peter"]
[Black "Schlamp, Robert"]
[Result "1/2-1/2"]
[WhiteElo "2058"]
[BlackElo "2263"]
[PlyCount "42"]
[EventDate "2016.10.16"]
[EventType "team-tourn"]
[EventCountry "GER"]
[WhiteTeam "Erfurt SV Empor"]
[BlackTeam "Oberursel SV"]
[WhiteTeamCountry "GER"]
[BlackTeamCountry "GER"]

1. e4 e6 2. d4 d5 3. Nc3 Bb4 4. exd5 exd5 5. Bd3 Ne7 6. Qh5 c5 7. dxc5 Nbc6 8.
Bd2 Bxc5 9. Nge2 Be6 10. Nf4 g6 11. Qe2 Qd7 12. Nxe6 fxe6 13. Bf4 O-O 14. Bg3
Nf5 15. Bxf5 gxf5 16. O-O-O Bd4 17. Qd2 Bg7 18. Bf4 Rf6 19. f3 Rc8 20. Kb1 Rg6
21. h4 Na5 1/2-1/2

[Event "Oberliga Ost B 2016 2017"]
[Site "Germany"]
[Date "2016.11.20"]
[Round "3.4"]
[White "Haakert, Juergen"]
[Black "Weishaeutel, Moritz"]
[Result "1/2-1/2"]
[WhiteElo "2341"]
[BlackElo "1879"]
[PlyCount "25"]
[EventDate "2016.10.16"]
[EventType "team-tourn"]
[EventCountry "GER"]
[WhiteTeam "Oberursel SV"]
[BlackTeam "Erfurt SV Empor"]
[WhiteTeamCountry "GER"]
[BlackTeamCountry "GER"]

1. e4 e6 2. d3 d5 3. Nd2 Nf6 4. Ngf3 Bc5 5. e5 Nfd7 6. d4 Be7 7. Bd3 c5 8. c3
Nc6 9. O-O Qb6 10. dxc5 Bxc5 11. Qe2 Be7 12. Nb3 Qc7 13. Bf4 1/2-1/2